Footballeur par pays n°4 - Statistiques

Statistiques générales
  • Ce quiz a été pris 304 fois
  • Le résultat moyen est 14 sur 18
Statistiques - réponses
joueur Pays % Correct
Cristiano Ronaldo Portugal
100%
Marco van Basten Pays-Bas
96%
Olivier Giroud France
92%
Romelu Lukaku Belgique
91%
Andrea Pirlo Italie
90%
Ivan Perisić Croatie
87%
Kasper Schmeichel Danemark
87%
David De Gea Espagne
87%
Timo Werner Allemagne
86%
Raheem Sterling Royaume-Uni
86%
Xherdan Shaqiri Suisse
84%
Mbaye Niang Senegal
76%
Andreï Archavine Russie
65%
Yerry Mina Colombie
56%
Michael Laudrup Danemark
56%
Gareth Bale Royaume-Uni
54%
Aliou Cissé Senegal
48%
Karim Ansarifard Iran
22%
Aucun quiz correspondant
Distribution des résultats
% des personnes avec chaque résultat
Percentile par nombre de réponses
Votre historique - résultats
Vous n’avez pas pris ce quiz